Kuvavisa: Aasian suurimmat I:llä alkavat kaupungit - Statistics

Yleistilastot
  • Tätä visaa on pelattu 14 kertaa
  • Keskiarvotulos 6 / 16
Vastaustilastot
Kuvavisa Hint Vastaus % Oikein
🇹🇷 5 350 000 İstanbul
100%
🇵🇰 1 010 000 Islāmābād
92%
🇹🇷 2 950 000 İzmir
92%
🇷🇺 620 000 Irkutsk
67%
🇰🇷 2 860 000 Incheon
33%
🇯🇴 500 000 Irbid
25%
🇮🇷 1 960 000 Isfahan
25%
🇯🇵 500 000 Ichikawa
17%
🇵🇭 600 000 Iloilo City
17%
🇮🇳 2 170 000 Indore
17%
🇲🇾 670 000 Ipoh
17%
🇯🇵 330 000 Iwaki
17%
🇮🇳 330 000 Ichalkaranji
8%
🇯🇵 380 000 Ichinomiya
8%
🇮🇳 420 000 Imphāl
8%
🇹🇷 340 000 İzmit
8%
Ehtoja vastaavia visoja ei löytynyt
Tulosjakauma
Jokaisen tuloksen saaneiden osuus
Persentiili vastausten määrän mukaan
Tuloshistoriasi
Et ole pelannut tätä visaa